000 00637cam a2200229 4500
008 000000n1997 000 0 eng u
020 _a1854181335
035 _a(Sirsi) u105229
050 _a658.404
100 _aLake, Cathy
245 _aMastering project management : key skills in ensuring profitable and successful projects
260 _aLondon
_bThorogood
_c1997
300 _a185p. ; 20cm.
350 _a19.99
650 _aPROJECT PLANNING
650 _aTEAM WORK
650 _aRISK MANAGEMENT
650 _aFINANCIAL MANAGEMENT
650 _aContracts
_96232
690 _aProject management
_96261
942 _n0
999 _c100333
_d100333